Library Banner

Schizophrenia (Record no. 81424)

MARC details
000 -LEADER
fixed length control field 00523nam a2200193Ia 4500
001 - CONTROL NUMBER
control field 70374
008 - FIXED-LENGTH DATA ELEMENTS--GENERAL INFORMATION
fixed length control field 160116s9999||||xx |||||||||||||| ||und||
020 ## - INTERNATIONAL STANDARD BOOK NUMBER
International Standard Book Number 9781606230183
040 ## - CATALOGING SOURCE
Transcribing agency PK-LaUMT
082 ## - DEWEY DECIMAL CLASSIFICATION NUMBER
Classification number 616.898 SCH-
Item number SCH-
100 ## - MAIN ENTRY--PERSONAL NAME
Personal name Beck, Aaron T.
245 ## - TITLE STATEMENT
Title Schizophrenia
Remainder of title cognitive theory, research, and therapy
Statement of responsibility, etc Beck, Aaron T.|[et al, ]
260 ## - PUBLICATION, DISTRIBUTION, ETC. (IMPRINT)
Place of publication, distribution, etc New York,USA:
Name of publisher, distributor, etc The Guilford Press,
Date of publication, distribution, etc 2009
300 ## - PHYSICAL DESCRIPTION
Extent 418 p.
546 ## - LANGUAGE NOTE
Language note EN
650 ## - SUBJECT ADDED ENTRY--TOPICAL TERM
Topical term or geographic name as entry element Cognitive therapy
700 ## - ADDED ENTRY--PERSONAL NAME
Personal name [et al, ]
942 ## - ADDED ENTRY ELEMENTS (KOHA)
Koha item type Books
Holdings
Withdrawn status Lost status Damaged status Not for loan Home library Current library Date acquired Total Checkouts Full call number Barcode Date last seen Date checked out Price effective from Koha item type
        UMT Main Campus UMT Main Campus 2015-01-18 4 616.898 SCH- SCH- 97322 2022-04-27 2022-03-22 2016-01-18 Books